| 000 | 00590nam a2200241Ia 4500 | ||
|---|---|---|---|
| 008 | 160901s9999 xx 000 0 und d | ||
| 020 | _a0-07-125157-X | ||
| 050 | _aComSc QA 76.73 | ||
| 050 | _b.J38S35 2005 | ||
| 100 | _aSchildt, Herbert. | ||
| 245 | _aJava : | ||
| 245 | _ba beginner's guide / | ||
| 245 | _cHerbert Schildt. | ||
| 250 | _a3rd Edition | ||
| 260 | _aNew York : | ||
| 260 | _bMcGraw-Hill., | ||
| 260 | _c2006 | ||
| 300 | _a623 pages : | ||
| 300 | _bill. ; | ||
| 300 | _c23 cm. | ||
| 500 | _aIncludes index. | ||
| 650 | _aJava (Computer program language). | ||
| 999 |
_c300805 _d300805 |
||